005510000a220009700045001000039000002450038000393000033000775200285001106500019003957730039004141 aMolina Castaño, Carlos Federico.10aAccidentes de transito y alcohol. ano.19 (ago., 2010), p. 83-88 aLos accidentes de transito constituyen un problema de salud pública mundial que afecta a todos los sectores sociales. Se estimó que en el año 2002 fallecieron por esa causa 1,18 millones de personas en todo el mundo, cifra que representó el 2,1% de la mortalidad mundial.14aALCOHOL-MUERTE0 tRevista Tecnológico de Antioquia